000 00344nam a2200145Ia 4500
008 100122s9999 xx 000 0 und d
082 _b61409
_a823
100 _aKUNZRU HARI
245 _aTHE IMPRESSIONIST
260 _bPENGUIN BOOKS
_c2002
300 _a481
630 _aTHE IMPRESSIONIST
730 _aTHE IMPRESSIONIST
942 _cBOOK
999 _c378327
_d378324